| 000 | 00609nam a2200193Ia 4500 | ||
|---|---|---|---|
| 008 | 101110s9999 xx 000 0 und d | ||
| 041 | _aENGLISH | ||
| 082 | _bSR22432 | ||
| 100 | _aTheroux, Eldridge, Mallmann | ||
| 245 | _aLaboratory Manual for Chemical and Bacterial Analysis of Water & Sewage | ||
| 365 | _b500 | ||
| 520 | _aChemistry | ||
| 546 | _aENGLISH | ||
| 630 | _aLaboratory Manual for Chemical and Bacterial Analysis of Water & Sewage | ||
| 650 | _aChemistry | ||
| 655 | _aChemistry | ||
| 730 | _aLaboratory Manual for Chemical and Bacterial Analysis of Water & Sewage | ||
| 942 | _cBOOK | ||
| 999 |
_c815185 _d815182 |
||